| 000 -LEADER |
| fixed length control field |
00430nam a2200157 4500 |
| 008 - FIXED-LENGTH DATA ELEMENTS--GENERAL INFORMATION |
| fixed length control field |
200205b ||||| |||| 00| 0 eng d |
| 100 ## - MAIN ENTRY--PERSONAL NAME |
| Personal name |
Verma, Manisha |
| 245 ## - TITLE STATEMENT |
| Title |
Nutrition: A public health priority |
| 260 ## - PUBLICATION, DISTRIBUTION, ETC. (IMPRINT) |
| Name of publisher, distributor, etc |
Kurukshetra |
| 300 ## - PHYSICAL DESCRIPTION |
| Extent |
68(3), Jan 2020: p.21- 25. |
| 650 ## - SUBJECT ADDED ENTRY--TOPICAL TERM |
| Topical term or geographic name as entry element |
Public health |
| 9 (RLIN) |
15814 |
| 700 ## - ADDED ENTRY--PERSONAL NAME |
| Personal name |
Passi, Pooja |
| 9 (RLIN) |
15815 |
| 773 ## - HOST ITEM ENTRY |
| Main entry heading |
Kurukshetra |
| 906 ## - LOCAL DATA ELEMENT F, LDF (RLIN) |
| Subject DIP |
Nutrition - India |
| 942 ## - ADDED ENTRY ELEMENTS (KOHA) |
| Source of classification or shelving scheme |
|
| Item type |
Articles |